Nuclear energy technology : (Record no. 355925)

000 -LEADER
fixed length control field 00907cam a2200277 i 4500
001 - CONTROL NUMBER
control field 4663653
003 - CONTROL NUMBER IDENTIFIER
control field USPCAS-E
005 - DATE AND TIME OF LATEST TRANSACTION
control field 20180118181418.0
008 - FIXED-LENGTH DATA ELEMENTS--GENERAL INFORMATION
fixed length control field 810916s1981 dcua b 001 0 eng
010 ## - LIBRARY OF CONGRESS CONTROL NUMBER
LC control number 80025862
040 ## - CATALOGING SOURCE
Original cataloging agency DLC
Transcribing agency DLC
Modifying agency DLC
050 00 - LIBRARY OF CONGRESS CALL NUMBER
Classification number TK9145
Item number .K58 1981
082 00 - DEWEY DECIMAL CLASSIFICATION NUMBER
Classification number 621.48
Edition number 19
Author Mark KNI-N 1981
100 1# - MAIN ENTRY--PERSONAL NAME
Personal name Knief, Ronald Allen,
Dates associated with a name 1944-
245 10 - TITLE STATEMENT
Title Nuclear energy technology :
Remainder of title theory and practice of commercial nuclear power /
Statement of responsibility, etc. Ronald Allen Knief.
260 ## - PUBLICATION, DISTRIBUTION, ETC.
Place of publication, distribution, etc. Washington :
Name of publisher, distributor, etc. Hemisphere Pub. Corp. ;
Place of publication, distribution, etc. New York :
Name of publisher, distributor, etc. McGraw-Hill,
Date of publication, distribution, etc. c1981.
300 ## - PHYSICAL DESCRIPTION
Extent xv, 605 p. :
Other physical details ill. ;
Dimensions 24 cm.
490 0# - SERIES STATEMENT
Series statement McGraw-Hill series in nuclear engineering
500 ## - GENERAL NOTE
General note Includes indexes.
502 ## - DISSERTATION NOTE
Dissertation note .
504 ## - BIBLIOGRAPHY, ETC. NOTE
Bibliography, etc. note Bibliography: p. 571-587.
650 #0 - SUBJECT ADDED ENTRY--TOPICAL TERM
Topical term or geographic name entry element Nuclear engineering.
650 #0 - SUBJECT ADDED ENTRY--TOPICAL TERM
Topical term or geographic name entry element Nuclear energy.
906 ## - LOCAL DATA ELEMENT F, LDF (RLIN)
a 7
b cbc
c orignew
d 1
e ocip
f 19
g y-gencatlg
942 ## - ADDED ENTRY ELEMENTS (KOHA)
Source of classification or shelving scheme
Koha item type Book
Holdings
Withdrawn status Lost status Source of classification or shelving scheme Damaged status Not for loan Collection code Permanent Location Current Location Shelving location Date acquired Cost, normal purchase price Total Checkouts Full call number Barcode Date last seen Price effective from Koha item type Copy number
            US-Pakistan Center for Advanced Studies in Energy (USPCAS-E) US-Pakistan Center for Advanced Studies in Energy (USPCAS-E)   01/11/2016 26922.00   621.48 KNI-N 1981 CAS-E0001178 01/11/2016 01/11/2016 Book  
            US-Pakistan Center for Advanced Studies in Energy (USPCAS-E) US-Pakistan Center for Advanced Studies in Energy (USPCAS-E)   01/11/2016 26922.00   621.48 KNI-N 1981 CAS-E0001179 01/11/2016 01/11/2016 Book C.2
© 2023 Central Library, National University of Sciences and Technology. All Rights Reserved.